000
00316nam a22001457a 4500
008
210309b ||||| |||| 00| 0 eng d
020
_a
2901587133182
041
_a
eng
080
_a
004
082
_a
004
100
_a
28
101
_a
SHKI
245
_a
Routing and Switching Essentials
_c
CNA
942
_2
udc
_c
BK
999
_c
56080
_d
56080